000 01206nam a2200265Ia 4500
999 _c56168
_d56168
001 23269
003 GE_BSU
005 20190521152148.0
008 181216s1999||||ge |||||||||||||| ||geo||
020 _a99948111
040 _cGE_BSU
041 _ageo
080 _a271.22(479.22)(09) დ-43
100 _aდიასამიძე, ბიჭიკო
_917
245 _aქრისტიანობის ისტორიისათვის დასავლეთ საქართველოში /
_cბიჭიკო დიასამიძე ; რედ. ა.კახიძე.
264 _aბათუმი :
_bბათუმის უნივერსიტეტი,
_c1999.
300 _a120 გვ. ;
_b21 სმ.
300 _eბიბლიოგრ.: გვ. 105-118.
504 _aბიბლიოგრ.: გვ. 105-118.
520 _aრეზ. ქართ., რუს. და ინგლ. ენ.
653 _aქრისტიანობა
653 _aმართლმადიდებლური ეკლესიის ისტორია
700 _aკახიძე, ა.
_eრედაქტორი
_91466
942 _cBK
_2udc